Fluticason je lepší ako montelukast pri perzistentnej stme detí

Bibliographic Details
Format: Article
Language:Slovak
PhysicalDescription:Fotogr.
ISSN:1335-4477
Subjects:

MARC

LEADER 00000nab a2200000 a 4500
001 vtls008775057
003 SK-MaSNL
005 20260303062551.0
008 140303c2006 xo wrzp 0 0slo
015 |a SNBRB2006/06  |2 snkbucl 
040 |a SNKBUCL  |b slo  |c SNKBUCL  |e AACR2 
041 0 |a slo 
044 |a xo  |c SK 
080 |a 616.248-085  |2 1997 
080 |a 615.234  |2 1997 
245 0 0 |a Fluticason je lepší ako montelukast pri perzistentnej stme detí  |c [spracoval] (mar) 
300 |b Fotogr. 
500 |a Prevzaté: (J. Allergy Clin Immunol. 2006; 117: 45 - 52) 
650 0 7 |a astma  |x deti  |x liečba  |2 snkbucl  |9 1058511 
650 0 7 |a flutikazón  |2 snkbucl  |9 1058512 
650 0 7 |a bronchodilatanciá  |2 snkbucl  |9 844772 
773 0 |t Zdravotnícke noviny  |g Roč. XI, č. 10 (2006)  |x 1335-4477 
773 0 8 |t Lekárske listy  |g Č. 10 (2006), s. 27 
852 |a SNK  |b KIS3GCP 
958 |a ME 
958 |a SK 
999 |c 1739713  |d 1741643